书目信息 |
| 书名: | Illustrated dictionary of practical pottery | |
| 作者: | ||
| 分册号: | ||
| 分册名: | 出版地: | NEW YORK : |
|
| 出版社: | Van Nostrand Reinhold Company | |
| 出版时间: | ||
| 页数: | 256 : | |
| 开本: | 25 cm. | |
| 丛书名: | ||
| 中图分类号: | ||
| 科图分类号: | ||
| 其他分类号: | H316 | |
| 主题词: | ||
| 电子资源: | ||
| 000 | 00783nam 2200253 a 4500 | |
| 001 | E0752005835 | |
| 003 | OCoLC | |
| 005 | 20070302170412.23 | |
| 008 | uu | |
| 020 | @a0873419057 :@cCNY6.90. | |
| 040 | @aOUV @cOUV | |
| 049 | @aN5LA | |
| 050 | @aTT919.5.F68 2000 | |
| 090 | @aH316 | |
| 096 | @aTQ174-61 @v4 | |
| 099 | @dH316@ex81=2 | |
| 245 | 10 | @aIllustrated dictionary of practical pottery. |
| 250 | @a2nd ed. | |
| 260 | @aNEW YORK :@bVan Nostrand Reinhold Company. | |
| 300 | @a256 :@bill. ;@c25 cm. | |
| 650 | 0 | @aPottery craft @xDictionaries. |
| 650 | 0 | @aPottery @xDictionaries. |
| 700 | 1 | @aFournier, Robert L., @d1915- @b00 @c20020930 @lNLC09 @h2255 @b00 @c20021019 @lNLC09 @h2349 @lNLC09 @h0046 @lNLC09 @h2044 |
| 852 | 9 | @bGJSS @k2G-2001 @hTQ174-61 @iI29/2000 |
| Illustrated dictionary of practical pottery.-2nd ed.-NEW YORK : : Van Nostrand Reinhold Company. |
| 256 : : ill. ; ; 25 cm. |
| ISBN 0873419057 :CNY6.90. |
| ● |
| 相关链接 |
|
|
|
|
正题名:Illustrated dictionary of practical pottery
索取号:H316/x81=2
 
预约/预借
| 序号 | 登录号 | 条形码 | 馆藏地/架位号 | 状态 | 备注 |
| 1 | 49593 | 001434941 | 密集书库/ [索取号:H316/x81=2] | 在馆 | |
| 2 | 49594 | 001434950 | 密集书库/ [索取号:H316/x81=2] | 在馆 |